| 000 | 01219cam a2200241 4500 | ||
|---|---|---|---|
| 001 | L137198 | ||
| 008 | 070322s2007 xxk f 000 0 eng d | ||
| 035 | _a(Sirsi) u137198 | ||
| 041 | 0 | _aeng | |
| 110 | 2 |
_aUnited Kingdom _kLaws, etc _95044 |
|
| 245 | 0 | 4 |
_aThe Housing (Tenancy Deposits) (Specified Interest Rate) Order 2007 _h[electronic resource] |
| 260 |
_aLondon _bTSO _c2007 |
||
| 490 | 0 |
_aSI _v2007: 798 |
|
| 520 | _aConcerns the Housing Act 2004 where national authorities must make arrangements so that tenancy deposit schemes safeguard deposits paid in connection with shorthold tenancies. Order specifies that for the purposes of paragraph 3(5) of the Schedule, the rate of interest is a rate equivalent to the base rate of the Bank of England less 2.32 percent. | ||
| 590 | _aKA | ||
| 650 | 2 | 4 | _aTHE HOUSING (TENANCY DEPOSITS) (SPECIFIED INTEREST RATE) ORDER 2007 |
| 650 | 2 | 4 | _aHOUSING ACT 2004 S10 |
| 650 | 2 | 4 | _aHOUSING ACT 2004 PART VI |
| 651 | 4 |
_aEngland and Wales _y1543- |
|
| 690 | _aPROPERTY-RESIDENTIAL PROPERTY-RESIDENTIAL LANDLORD AND TENANT-RESIDENTIAL LEASES | ||
| 856 | 4 | 0 |
_uhttps://www.opsi.gov.uk/si/si2007/20070798.htm _zView the item free of charge at www.opsi.gov.uk... |
| 942 | _n0 | ||
| 999 |
_c106681 _d106681 |
||